000 00736nam a2200205Ii 4500
003 JO-AjNU
008 230605s9999||||xx |||||||||||||| ||und||
017 _a1992/11/1407
040 _aJO-AjNU
_bara
_erda
_cJO-AjNU
041 _aara
050 1 4 _aPN899 .S24 1992
100 3 _aالصائغ، فائز,
_eauthor
_916924
245 0 0 _aاللغة والتعريب ودور الإعلام: بحث تطبيقي في تجربة الجمهورية العربية السورية
264 3 1 _aدمشق: مكتبة الاسد، 1992
300 _a254ص
336 _atext
_btxt
_2rdacontent
337 _aunmediated
_bn
_2rdamedia
338 _avolume
_bnc
_2rdacarrier
650 4 _aاللغة العربية - ترجمة - سوريا
_916925
999 _aA5122
_c8690
_d8690